000 00305nam a22001337a 4500
008 171107b xxu||||| |||| 00| 0 eng d
020 _a053407104
041 _aeng
080 _a330.722.6
100 _a62
101 _aKON
245 _aINTRODUCTION FINANCIAL ACCOUTING
_cFLESHER.K
942 _2udc
_cBK
999 _c37989
_d37989